U.S. States Closest To The Great Lakes Without Bordering - Statistics

General Stats
  • This quiz has been taken 101 times
  • The average score is 8 of 10
Answer Stats
Closest Great Lake Distance (Miles) U.S. State % Correct
Ontario 185.5 New Hampshire
92%
Erie 178 Kentucky
91%
Ontario 131.1 Vermont
91%
Erie 83 West Virginia
89%
Michigan 119.9 Iowa
87%
Ontario 158.8 Massachusetts
83%
Ontario 172.7 Connecticut
82%
Erie 205.7 Virginia
80%
Ontario 170.1 New Jersey
77%
Erie 165.6 Maryland
74%
No matching quizzes found
Score Distribution
Percent of People with Each Score
Percentile by Number Answered
Your Score History
You have not taken this quiz